Listening : Intermediate
This book introduces and develops the strategies and skills necessary for understanding fifferent types of authentic spoken English.
Đã lưu trong:
| 主要作者: | |
|---|---|
| 格式: | 圖書 |
| 語言: | Undetermined |
| 出版: |
Oxford
Oxford University Press
1996
|
| 主題: | |
| 標簽: |
添加標簽
沒有標簽, 成為第一個標記此記錄!
|
| Thư viện lưu trữ: | Trung tâm Học liệu Trường Đại học Cần Thơ |
|---|
| LEADER | 00832nam a2200217Ia 4500 | ||
|---|---|---|---|
| 001 | CTU_141272 | ||
| 008 | 210402s9999 xx 000 0 und d | ||
| 082 | |a 428.34 | ||
| 082 | |b D923i | ||
| 100 | |a Dunn, Viviane | ||
| 245 | 0 | |a Listening : | |
| 245 | 0 | |b Intermediate | |
| 245 | 0 | |c Viviane Dunn, Diann Gruber | |
| 260 | |a Oxford | ||
| 260 | |b Oxford University Press | ||
| 260 | |c 1996 | ||
| 520 | |a This book introduces and develops the strategies and skills necessary for understanding fifferent types of authentic spoken English. | ||
| 650 | |a Tiếng Anh,English language,English language,Tiếng Anh | ||
| 650 | |x Giáo trình dành cho người nước ngoài,Listening,Textbooks for foreign speakers,Kỹ năng nghe | ||
| 904 | |i Trọng Hải | ||
| 980 | |a Trung tâm Học liệu Trường Đại học Cần Thơ | ||